[Event "3. Arber-Open 2014"]
[Site "Bayerisch Eisenstein"]
[Date "2014.08.18"]
[Round "3.26"]
[White "Ranker, Klemens"]
[Black "Hubel, Hans-Martin"]
[Result "1-0"]
[WhiteElo "1925"]
[BlackElo "1795"]
[PlyCount "59"]
[EventDate "2014.??.??"]
[WhiteTeam "SC Hauptstuhl"]
[BlackTeam "SF Birkenfeld"]

1. e4 c5 2. Bc4 e6 3. Nc3 Nc6 4. d3 Na5 5. Bb3 a6 6. Nf3 b5 7. O-O Qc7 8. Re1
Ne7 9. Qe2 Bb7 10. Bd2 Nec6 11. Nd5 exd5 12. exd5+ Ne7 13. d6 Qxd6 14. Bxa5 Bd5
15. Bxd5 Qxd5 16. Bc3 O-O-O 17. Ba5 Re8 18. c4 Qb7 19. Ng5 Qc6 20. Nxf7 Rg8 21.
Ne5 Qb7 22. cxb5 axb5 23. Nf7 Qd5 24. Rac1 g6 25. b4 d6 26. bxc5 dxc5 27. Qe3
Qxf7 28. Qxc5+ Nc6 29. Qxc6+ Kb8 30. Rxe8+ 1-0

[Event "3. Arber-Open 2014"]
[Site "Bayerisch Eisenstein"]
[Date "2014.08.18"]
[Round "3.27"]
[White "Trinkl, Andreas"]
[Black "Schumacher, Ralph"]
[Result "0-1"]
[WhiteElo "1817"]
[BlackElo "1606"]
[PlyCount "56"]
[EventDate "2014.??.??"]
[WhiteTeam "SV 1947 Walldorf"]
[BlackTeam "SFB Steinsfurt"]

1. e4 b6 2. d4 Bb7 3. Nc3 e6 4. Nf3 h6 5. Bd3 Ne7 6. Qe2 a6 7. a3 d6 8. b4 Nd7
9. Rb1 g6 10. Bb2 Bg7 11. O-O O-O 12. h4 f5 13. exf5 exf5 14. Rfe1 Nc6 15. Qe6+
Kh7 16. h5 Rf6 17. hxg6+ Kh8 18. Qe3 Nxd4 19. Nxd4 Rxg6 20. Nf3 Ne5 21. Be2 Rg4
22. Nd1 Qd7 23. Kf1 Re8 24. Qc1 f4 25. Nxe5 Bxg2+ 26. Kg1 Bf3+ 27. Kf1 Rxe5 28.
Bxe5 Rg1+ 0-1

[Event "3. Arber-Open 2014"]
[Site "Bayerisch Eisenstein"]
[Date "2014.08.18"]
[Round "3.28"]
[White "Bangert, Ruediger"]
[Black "Rösch, David"]
[Result "0-1"]
[WhiteElo "1626"]
[BlackElo "1337"]
[PlyCount "82"]
[EventDate "2014.??.??"]
[WhiteTeam "vereinslos"]
[BlackTeam "SC Bayerwald"]

1. d4 g6 2. c4 Bg7 3. Nc3 Nf6 4. g3 O-O 5. Bg2 d6 6. e4 e5 7. Bg5 h6 8. Bxf6
Qxf6 9. Nd5 Qd8 10. dxe5 dxe5 11. Nf3 Nc6 12. O-O Bg4 13. Qc2 Bxf3 14. Bxf3 Nd4
15. Qc3 c6 16. Nb4 Qf6 17. Bd1 Rad8 18. Kg2 h5 19. f4 exf4 20. Rxf4 Qg5 21. Qe1
Rd7 22. h4 Qc5 23. Rc1 Rfd8 24. Nd3 Qe7 25. Qf1 Bh6 26. Rc3 Bxf4 27. Qxf4 Nb5
28. cxb5 Rxd3 29. Rxd3 Rxd3 30. Qb8+ Qf8 31. Qxf8+ Kxf8 32. bxc6 Rxd1 33. cxb7
Rd8 34. a4 Rb8 35. b4 Rxb7 36. b5 Ke7 37. Kf3 Kf6 38. Ke3 Ke5 39. Kd3 Rc7 40.
a5 Rc5 41. b6 axb6 0-1

[Event "3. Arber-Open 2014"]
[Site "Bayerisch Eisenstein"]
[Date "2014.08.19"]
[Round "4.2"]
[White "Haman, Jakub"]
[Black "Möhn, Hans"]
[Result "0-1"]
[WhiteElo "2181"]
[BlackElo "2226"]
[PlyCount "48"]
[EventDate "2014.??.??"]
[WhiteTeam "SK Kladno"]
[BlackTeam "USV TU Dresden"]

1. e4 c6 2. d4 d5 3. Nc3 dxe4 4. Nxe4 Bf5 5. Ng3 Bg6 6. h4 h6 7. Nf3 e6 8. h5
Bh7 9. Bd3 Bxd3 10. Qxd3 Nf6 11. Bd2 Be7 12. O-O-O Nbd7 13. c4 O-O 14. Bc3 b5
15. cxb5 cxb5 16. Qxb5 Nd5 17. Ne4 Rb8 18. Qe2 Qc7 19. Rd2 f5 20. Nc5 Nxc5 21.
dxc5 Nxc3 22. bxc3 Qxc5 23. Qe5 Kh7 24. Rc2 Rfd8 0-1

[Event "3. Arber-Open 2014"]
[Site "Bayerisch Eisenstein"]
[Date "2014.08.19"]
[Round "4.3"]
[White "Waddington, Mike P"]
[Black "Gschwendtner, Stanislav"]
[Result "1/2-1/2"]
[WhiteElo "2085"]
[BlackElo "1987"]
[PlyCount "40"]
[EventDate "2014.??.??"]
[WhiteTeam "Dorchester"]
[BlackTeam "SC Bayerwald"]

1. Nc3 {[%emt 0:00:00]} c5 {[%eval 0,0] [%emt 0:00:00]} 2. e4 Nc6 3. f4 e6 4.
Nf3 d5 5. Bb5 Nge7 6. d3 a6 7. Bxc6+ Nxc6 8. O-O Be7 9. Ng5 f6 10. Nh3 dxe4 11.
Nxe4 O-O 12. a4 f5 13. Neg5 h6 14. Nf3 Bf6 15. c3 Qd5 16. Be3 b6 17. Qc2 Bb7
18. Rad1 Rac8 19. Qe2 e5 20. Rfe1 Rfe8 1/2-1/2

[Event "3. Arber-Open 2014"]
[Site "Bayerisch Eisenstein"]
[Date "2014.08.19"]
[Round "4.4"]
[White "Prusikin, Michael"]
[Black "Miesbauer, Jan"]
[Result "1-0"]
[WhiteElo "2524"]
[BlackElo "2006"]
[PlyCount "101"]
[EventDate "2014.??.??"]
[WhiteTeam "TV Tegernsee"]
[BlackTeam "SC Bayerwald Regen/Zwiesel e.V."]

1. e4 e6 2. d4 d5 3. Nd2 Be7 4. e5 c5 5. c3 Nc6 6. Bd3 cxd4 7. cxd4 Nh6 8. Ne2
Qb6 9. Nf3 Nf5 10. h4 Bd7 11. Bb1 h5 12. a3 Na5 13. b4 Nc4 14. Bxf5 exf5 15.
Bg5 f6 16. Bf4 a5 17. O-O axb4 18. axb4 Kf7 19. Rxa8 Rxa8 20. exf6 gxf6 21. Nc3
Be6 22. Ne5+ Nxe5 23. dxe5 Kg6 24. Nxd5 Bxd5 25. Qxd5 Rd8 26. Qa2 fxe5 27. Bxe5
Bxh4 28. Rc1 Re8 29. g3 Bf6 30. Bxf6 Kxf6 31. Qd2 Kg6 32. Rc5 Qe6 33. Kh2 Qe2
34. Qf4 Qe4 35. Qd6+ Qe6 36. Qf4 Qe4 37. Qd6+ Qe6 38. Rd5 Re7 39. f4 Re8 40.
Kh3 Re7 41. Kh4 Re8 42. Qxe6+ Rxe6 43. Rb5 b6 44. Rd5 Rc6 45. b5 Re6 46. Rd8
Kh6 47. Rh8+ Kg6 48. Rg8+ Kf6 49. Kxh5 Kf7 50. Rb8 Re3 51. Kg5 1-0

[Event "3. Arber-Open 2014"]
[Site "Bayerisch Eisenstein"]
[Date "2014.08.19"]
[Round "4.5"]
[White "Höfelsauer, Thomas"]
[Black "Schleich, Theodor"]
[Result "1-0"]
[WhiteElo "2257"]
[BlackElo "2035"]
[PlyCount "55"]
[EventDate "2014.??.??"]
[WhiteTeam "SK München SO"]
[BlackTeam "SK Siemens München"]

1. c4 b6 2. e4 Bb7 3. Nc3 e6 4. d4 Bb4 5. Bd3 f5 6. d5 fxe4 7. Bxe4 Nf6 8. Bf3
exd5 9. Nge2 Nc6 10. Bg5 dxc4 11. O-O Be7 12. Nd4 Nxd4 13. Bxb7 Rb8 14. Qxd4
Rxb7 15. Rfe1 c5 16. Qd6 Kf7 17. Qe5 d6 18. Qe6+ Kf8 19. Rad1 Qd7 20. Qxc4 b5
21. Qh4 Kf7 22. Nd5 Nxd5 23. Rxd5 Re8 24. Qh5+ Kg8 25. Rxd6 Qc8 26. Bxe7 Rbxe7
27. Rxe7 Rxe7 28. Qd5+ 1-0

[Event "3. Arber-Open 2014"]
[Site "Bayerisch Eisenstein"]
[Date "2014.08.19"]
[Round "4.6"]
[White "Reuter, Roland"]
[Black "Strasil, Pavel"]
[Result "1/2-1/2"]
[WhiteElo "2007"]
[BlackElo "2132"]
[PlyCount "65"]
[EventDate "2014.??.??"]
[WhiteTeam "SK Schwabach 1907 e.V."]

1. c4 Nf6 2. Nf3 g6 3. Nc3 Bg7 4. g3 d6 5. d4 O-O 6. Bg2 Nbd7 7. O-O c6 8. Qc2
Qc7 9. b3 a5 10. a4 Nb8 11. Bf4 Nh5 12. Bd2 Na6 13. Rad1 Nb4 14. Qc1 Re8 15.
Bh6 Bh8 16. e4 e5 17. dxe5 dxe5 18. Rd2 Be6 19. Ng5 Rad8 20. Rfd1 Bf6 21. Nxe6
fxe6 22. Bh3 Kf7 23. Be3 Rxd2 24. Rxd2 Rd8 25. Bf1 Rxd2 26. Qxd2 Qd8 27. Qe2
Ng7 28. c5 Ne8 29. Nb1 Bg5 30. Na3 Bf6 31. Nc4 Qc7 32. Qd2 Be7 33. Qc3 1/2-1/2

[Event "3. Arber-Open 2014"]
[Site "Bayerisch Eisenstein"]
[Date "2014.08.19"]
[Round "4.7"]
[White "Strangmueller, Andreas"]
[Black "Kottmair, Toni"]
[Result "1-0"]
[WhiteElo "2005"]
[BlackElo "2259"]
[PlyCount "69"]
[EventDate "2014.??.??"]
[WhiteTeam "SK Landshut"]
[BlackTeam "SK Königsbrunn"]

1. d4 Nf6 2. Nf3 c5 3. d5 e6 4. c4 exd5 5. cxd5 d6 6. Nc3 g6 7. g3 Bg7 8. Bg2
O-O 9. O-O Na6 10. Nd2 Nc7 11. a4 a6 12. Nc4 Nfe8 13. Qb3 f5 14. Qb6 Rf7 15.
Bf4 Bf8 16. Rad1 g5 17. Bc1 Bg7 18. f4 g4 19. e4 Bxc3 20. bxc3 fxe4 21. Bxe4
Qf6 22. Bb2 Bd7 23. Bc2 Rb8 24. Rfe1 Na8 25. Qb3 b5 26. Ne3 c4 27. Nxc4 Qd8 28.
axb5 Bxb5 29. Ba3 Rc7 30. Ne3 Be2 31. Qa4 Bf3 32. Bf5 Rxc3 33. Be6+ Kf8 34. Qd4
Qf6 35. Bxd6+ 1-0

[Event "3. Arber-Open 2014"]
[Site "Bayerisch Eisenstein"]
[Date "2014.08.19"]
[Round "4.8"]
[White "Kuba, Stanislav"]
[Black "Johanssen, Torsten"]
[Result "1-0"]
[WhiteElo "2137"]
[BlackElo "1915"]
[PlyCount "49"]
[EventDate "2014.??.??"]
[WhiteTeam "SC Furth im Wald"]
[BlackTeam "vereinslos"]

1. g3 d5 2. Bg2 c5 3. Nf3 Nc6 4. O-O e5 5. d3 Nf6 6. c3 Be7 7. a3 Be6 8. b4 Qc7
9. bxc5 Bxc5 10. d4 Bd6 11. dxe5 Nxe5 12. Nd4 Qd7 13. Qb3 Nc6 14. Nxe6 fxe6 15.
Nd2 Na5 16. Qa2 Rc8 17. e4 dxe4 18. Nxe4 Nxe4 19. Bxe4 Be5 20. Be3 b6 21. Rad1
Qc7 22. Qc2 g6 23. Qa4+ Kf8 24. Rd7 Qc6 25. Bh6+ 1-0

[Event "3. Arber-Open 2014"]
[Site "Bayerisch Eisenstein"]
[Date "2014.08.19"]
[Round "4.9"]
[White "Fuchs, Benno"]
[Black "Cap, Adam"]
[Result "1/2-1/2"]
[WhiteElo "1790"]
[BlackElo "2080"]
[PlyCount "62"]
[EventDate "2014.??.??"]
[WhiteTeam "SF Botv. Steinsfurt"]
[BlackTeam "SK Kladno"]

1. e4 e5 2. Nf3 Nc6 3. Bc4 Nf6 4. Ng5 d5 5. exd5 Nd4 6. c3 b5 7. Bf1 Nxd5 8.
Ne4 Ne6 9. Bxb5+ Bd7 10. Bxd7+ Qxd7 11. d4 exd4 12. cxd4 Bb4+ 13. Nec3 O-O 14.
O-O Rad8 15. Nxd5 Qxd5 16. Nc3 Qc4 17. Be3 Nxd4 18. Bxd4 c5 19. Qe2 Qxe2 20.
Nxe2 cxd4 21. Rfd1 d3 22. Nc3 d2 23. Kf1 Rd7 24. a3 Bxc3 25. bxc3 Rc8 26. Ke2
Re8+ 27. Kf1 Rd3 28. c4 Kf8 29. Ra2 Rc8 30. Rdxd2 Rxd2 31. Rxd2 Rxc4 1/2-1/2

[Event "3. Arber-Open 2014"]
[Site "Bayerisch Eisenstein"]
[Date "2014.08.19"]
[Round "4.10"]
[White "Forgach, Andreas"]
[Black "Zellner, Richard"]
[Result "1/2-1/2"]
[WhiteElo "1909"]
[BlackElo "2143"]
[PlyCount "55"]
[EventDate "2014.??.??"]
[WhiteTeam "Kasseler SK 1876"]
[BlackTeam "SG Schw München N"]

1. e4 c5 2. Nf3 d6 3. d4 cxd4 4. Nxd4 Nc6 5. Nc3 e6 6. Bc4 Nf6 7. Bb3 Be7 8.
O-O O-O 9. Be3 Bd7 10. h3 Qc7 11. f4 Nxd4 12. Bxd4 Bc6 13. e5 dxe5 14. fxe5 Nd7
15. Qe2 Rad8 16. Rae1 Nc5 17. Bf2 Rd7 18. Rd1 Rfd8 19. Rxd7 Nxd7 20. Bg3 b5 21.
Kh2 Qb6 22. Rd1 Qb7 23. a4 a6 24. axb5 axb5 25. Rd4 b4 26. Ne4 Nxe5 27. Rxd8+
Bxd8 28. Nd6 1/2-1/2

[Event "3. Arber-Open 2014"]
[Site "Bayerisch Eisenstein"]
[Date "2014.08.19"]
[Round "4.11"]
[White "Meertens, Martin"]
[Black "Grod, Andreas"]
[Result "1-0"]
[WhiteElo "2168"]
[BlackElo "2018"]
[PlyCount "59"]
[EventDate "2014.??.??"]
[WhiteTeam "Klub Kölner SF e.V. 1"]
[BlackTeam "SF Sailauf"]

1. e4 c5 2. Nf3 d6 3. d4 cxd4 4. Nxd4 Nf6 5. Nc3 a6 6. Be3 b5 7. f3 Bb7 8. g4
e6 9. Qd2 Qc7 10. O-O-O b4 11. Nce2 d5 12. g5 Nfd7 13. exd5 Bxd5 14. Kb1 Ne5
15. Nf4 Nxf3 16. Nxf3 Bxf3 17. Bg2 Bxg2 18. Qxg2 Qc6 19. Qh3 Nd7 20. Rhf1 Rc8
21. Rd2 Be7 22. g6 Nf6 23. Bd4 Qc4 24. b3 Qc6 25. Re2 a5 26. gxf7+ Kxf7 27.
Nxe6 Qb5 28. Rfe1 Bd6 29. Nxg7 Kxg7 30. Bxf6+ 1-0

[Event "3. Arber-Open 2014"]
[Site "Bayerisch Eisenstein"]
[Date "2014.08.19"]
[Round "4.12"]
[White "Herbold, Manfred"]
[Black "Grabmeier, Johannes"]
[Result "1-0"]
[WhiteElo "2147"]
[BlackElo "1914"]
[PlyCount "31"]
[EventDate "2014.??.??"]
[WhiteTeam "TSV Hütschenhausen"]
[BlackTeam "SV Deggendorf"]

1. e4 b6 2. d4 Bb7 3. Bd3 e6 4. Nf3 c5 5. c3 cxd4 6. cxd4 Bb4+ 7. Nc3 Nf6 8. e5
Nd5 9. Bd2 Nxc3 10. bxc3 Be7 11. Qe2 O-O 12. h4 d6 13. Bxh7+ Kxh7 14. Ng5+ Kg6
15. h5+ Kf5 16. g4# 1-0

[Event "3. Arber-Open 2014"]
[Site "Bayerisch Eisenstein"]
[Date "2014.08.19"]
[Round "4.13"]
[White "Völz, Stephan"]
[Black "Ptacnik, Stanislav"]
[Result "1/2-1/2"]
[WhiteElo "1946"]
[BlackElo "2091"]
[PlyCount "38"]
[EventDate "2014.??.??"]
[WhiteTeam "Muldental Wilkau-Haßlau"]

1. d4 Nf6 2. Nf3 c5 3. c3 b6 4. Bf4 Bb7 5. e3 Nh5 6. Bg5 h6 7. Bh4 g5 8. Ne5
Nf6 9. Bg3 Nc6 10. Bc4 e6 11. Nd2 d6 12. Nxc6 Bxc6 13. f3 Bg7 14. Qe2 Qd7 15.
a4 Kf8 16. Bb5 Nh5 17. Bf2 a5 18. Bxc6 Qxc6 19. O-O f5 1/2-1/2

[Event "3. Arber-Open 2014"]
[Site "Bayerisch Eisenstein"]
[Date "2014.08.19"]
[Round "4.14"]
[White "Pliev, Vladimir"]
[Black "Bergmann, Reiner"]
[Result "1/2-1/2"]
[WhiteElo "2011"]
[BlackElo "1851"]
[PlyCount "122"]
[EventDate "2014.??.??"]
[BlackTeam "SC Bayerwald"]

1. d4 Nf6 2. Nf3 g6 3. Bf4 Bg7 4. e3 O-O 5. c4 d6 6. Nc3 Nbd7 7. Be2 Nh5 8. Bg5
h6 9. Bh4 g5 10. Bg3 Nxg3 11. hxg3 f5 12. Rc1 e5 13. d5 a6 14. e4 fxe4 15. Nxe4
Nf6 16. Bd3 Nxe4 17. Bxe4 Bf5 18. Qc2 Qf6 19. Nd2 Rf7 20. Bxf5 Qxf5 21. Qxf5
Rxf5 22. Ne4 Rff8 23. g4 Rfd8 24. Ke2 c6 25. Rhd1 c5 26. a4 Rab8 27. Rb1 a5 28.
Rd3 Kf7 29. Rb3 b6 30. Rh1 Kg6 31. Rhh3 Bf8 32. Ng3 Rd7 33. Nf5 Rh7 34. Rh5 Rf7
35. Rbh3 Rh7 36. Ke3 Re8 37. Ke4 Rb8 38. Rb3 Rf7 39. Rhh3 Rh7 40. Rb5 Rf7 41.
Rhb3 Rfb7 42. Ng3 Bg7 43. Rf3 Rf7 44. Rf5 Rxf5 45. gxf5+ Kf6 46. Nh5+ Kf7 47.
Rb3 Bf6 48. Rh3 Rh8 49. g4 Ke7 50. Ng3 Kf7 51. Ne2 Ke7 52. Nc3 Kd8 53. Kd3 Rh7
54. Ne4 Ke7 55. Kc2 Rh8 56. Kd2 Bg7 57. Rf3 Bf6 58. Rb3 Rb8 59. Nc3 Kd8 60. Nb5
Ke7 61. Na7 Kd7 1/2-1/2

[Event "3. Arber-Open 2014"]
[Site "Bayerisch Eisenstein"]
[Date "2014.08.19"]
[Round "4.15"]
[White "Kolb, Wolfgang"]
[Black "Moutaqi, Sandra"]
[Result "1/2-1/2"]
[WhiteElo "2064"]
[BlackElo "2069"]
[PlyCount "44"]
[EventDate "2014.??.??"]
[WhiteTeam "SK Königsbrunn"]
[BlackTeam "PSV Ludwigslust"]

1. c4 e5 2. Nc3 Nf6 3. g3 Be7 4. Bg2 O-O 5. Nf3 d6 6. O-O c6 7. d3 Nbd7 8. b3
d5 9. e3 Qc7 10. cxd5 Nxd5 11. Nxd5 cxd5 12. Bb2 Bf6 13. Rc1 Qa5 14. Bc3 Qb6
15. Qd2 Qe6 16. Bb4 Re8 17. Rc7 Bd8 18. Rc2 b6 19. Rfc1 Bb7 20. h4 h6 21. Kh2
f5 22. Rh1 Nf6 1/2-1/2

[Event "3. Arber-Open 2014"]
[Site "Bayerisch Eisenstein"]
[Date "2014.08.19"]
[Round "4.16"]
[White "Zepke, Armin"]
[Black "Schulz, Gerhard"]
[Result "1-0"]
[WhiteElo "2105"]
[BlackElo "1792"]
[PlyCount "47"]
[EventDate "2014.??.??"]
[WhiteTeam "SC Bayerwald"]
[BlackTeam "PSV Ludwigslust"]

1. e4 e6 2. d3 d5 3. Nd2 c5 4. Ngf3 Nf6 5. g3 Be7 6. Bg2 b6 7. O-O Bb7 8. Re1
O-O 9. e5 Nfd7 10. Nf1 Nc6 11. h4 d4 12. Bf4 Re8 13. Ng5 Bxg5 14. hxg5 Nf8 15.
Nd2 Na5 16. Bxb7 Nxb7 17. Ne4 b5 18. Qh5 Rc8 19. Nf6+ Kh8 20. Kg2 gxf6 21. exf6
Qd5+ 22. Re4 Qf5 23. Qxf7 Qg6 24. Qxb7 1-0

[Event "3. Arber-Open 2014"]
[Site "Bayerisch Eisenstein"]
[Date "2014.08.19"]
[Round "4.17"]
[White "Bader, Gerd"]
[Black "Weidenhöfer, Robert"]
[Result "1-0"]
[WhiteElo "2011"]
[BlackElo "1718"]
[PlyCount "25"]
[EventDate "2014.??.??"]
[WhiteTeam "SG Schwäbisch Gmünd 1872 e.V"]
[BlackTeam "SW Nürnberg Süd e.V."]

1. e4 b6 2. d3 Bb7 3. Nf3 e6 4. g3 d5 5. Nbd2 c5 6. Bg2 Nd7 7. O-O Bd6 8. Re1
f6 9. exd5 Bxd5 10. c4 Ne5 11. cxd5 exd5 12. Nxe5 Bxe5 13. f4 1-0

[Event "3. Arber-Open 2014"]
[Site "Bayerisch Eisenstein"]
[Date "2014.08.19"]
[Round "4.18"]
[White "Desoye, Gernot"]
[Black "Fernandez-Alvarez, Raul"]
[Result "1/2-1/2"]
[WhiteElo "1941"]
[BlackElo "1723"]
[PlyCount "120"]
[EventDate "2014.??.??"]
[WhiteTeam "SF Graz"]
[BlackTeam "SG Schw München Nord e.V."]

1. d4 d5 2. c4 e6 3. Nc3 Nf6 4. Bg5 Nbd7 5. Nf3 c6 6. e3 Qa5 7. cxd5 exd5 8.
Nd2 Bd6 9. Bd3 O-O 10. Qc2 h6 11. Bh4 Re8 12. O-O Qc7 13. Bg3 Bxg3 14. hxg3 Ng4
15. Nxd5 Qa5 16. Nf4 Ndf6 17. Rfe1 g5 18. Nh3 Nh5 19. e4 Qd8 20. d5 cxd5 21.
exd5 Rxe1+ 22. Rxe1 Nhf6 23. Bc4 Qd6 24. Ne4 Qe5 25. Nxf6+ Qxf6 26. Re8+ Kg7
27. Qd2 Ne5 28. Qc3 Ng4 29. d6 Qxc3 30. bxc3 Nf6 31. Re7 Bf5 32. Rxf7+ Kg6 33.
Rxb7 Be4 34. Rb2 Rd8 35. Rd2 Bc6 36. f3 Ne8 37. d7 Rxd7 38. Rxd7 Bxd7 39. Nf2
Nd6 40. Bd3+ Kf6 41. Ne4+ Nxe4 42. Bxe4 Ke5 43. Kf2 Kd6 44. Ke3 Kc5 45. f4 Be6
46. Bb1 Kc4 47. Kd2 Bd5 48. Bg6 gxf4 49. gxf4 Bxg2 50. f5 Kd5 51. f6 Ke6 52. f7
Ke7 53. c4 Bf3 54. Ke3 Bg4 55. c5 Be6 56. c6 Bxa2 57. c7 Be6 58. Kd4 a5 59. Kc5
a4 60. Kb4 Bd7 1/2-1/2

[Event "3. Arber-Open 2014"]
[Site "Bayerisch Eisenstein"]
[Date "2014.08.19"]
[Round "4.19"]
[White "Leeb, Jonas"]
[Black "Gil, Arthur"]
[Result "1/2-1/2"]
[WhiteElo "1897"]
[BlackElo "2032"]
[PlyCount "120"]
[EventDate "2014.??.??"]
[WhiteTeam "SK München SO"]
[BlackTeam "SU Ebersberg-Grafing"]

1. c4 e5 2. g3 Nf6 3. Bg2 g6 4. Nc3 Bg7 5. d3 O-O 6. e4 d6 7. Nge2 Nc6 8. O-O
Ne8 9. Be3 Nd4 10. Qd2 Bh3 11. Bxd4 Bxg2 12. Kxg2 exd4 13. Nd1 c6 14. f4 f5 15.
Nf2 Qd7 16. Rae1 Nc7 17. Ng1 b5 18. b3 Rab8 19. Nf3 Ne6 20. e5 Rb7 21. Qc2 Rfb8
22. Re2 bxc4 23. Qxc4 Rb4 24. Qc2 R8b5 25. Rfe1 d5 26. Rc1 c5 27. Qd1 h6 28.
Rec2 Rb8 29. Nd2 R4b6 30. Nh3 a5 31. Qf3 Rf8 32. Rf1 g5 33. Qe2 a4 34. bxa4
Qxa4 35. Nb3 Qc6 36. Qf2 g4 37. Ng1 Rb4 38. Ne2 Qb5 39. Rd1 Ra8 40. Nec1 Bf8
41. Qe2 h5 42. Qd2 Qb7 43. Kg1 Rd8 44. Ne2 Rd7 45. Qc1 Qb6 46. Kg2 Rh7 47. Nd2
h4 48. Nb3 Qb7 49. Qd2 hxg3 50. hxg3 Rb6 51. Rcc1 Rh3 52. Rh1 c4 53. Nbxd4 Rb2
54. Rc2 Rxc2 55. Qxc2 Bc5 56. Qc3 cxd3 57. Qxd3 Nxd4 58. Nxd4 Qb2+ 59. Ne2 Rxh1
60. Kxh1 Qxa2 1/2-1/2

[Event "3. Arber-Open 2014"]
[Site "Bayerisch Eisenstein"]
[Date "2014.08.19"]
[Round "4.20"]
[White "Pingitzer, Guenther"]
[Black "Weiland, Thomas"]
[Result "1-0"]
[WhiteElo "1880"]
[BlackElo "1889"]
[PlyCount "137"]
[EventDate "2014.??.??"]
[WhiteTeam "_Österrreich_"]
[BlackTeam "SV Oberursel"]

1. c4 f5 2. g3 Nf6 3. Bg2 g6 4. Nf3 Bg7 5. Nc3 c6 6. O-O d6 7. d4 O-O 8. Qc2
Qe8 9. Re1 d5 10. cxd5 cxd5 11. Ne5 e6 12. a4 Bd7 13. b4 a6 14. Qb3 Nc6 15.
Nxc6 Bxc6 16. Bf4 Ne4 17. Bxe4 fxe4 18. b5 axb5 19. axb5 Bd7 20. e3 h6 21. Qb2
Rxa1 22. Rxa1 g5 23. Bd6 Rf5 24. Ra7 Bc8 25. Ra8 Qd7 26. Qb4 Bf8 27. Bxf8 Rxf8
28. Qc5 Qf7 29. f4 Bd7 30. Rxf8+ Qxf8 31. Qxf8+ Kxf8 32. fxg5 hxg5 33. h4 gxh4
34. gxh4 Ke7 35. Kf2 Be8 36. Kg3 Kd6 37. Kf4 Bf7 38. Na4 Be8 39. Nc3 Bf7 40.
Kg5 e5 41. h5 exd4 42. exd4 Ke7 43. h6 Bg8 44. Nxd5+ Ke6 45. Ne3 Bh7 46. Kf4
Kf6 47. d5 Ke7 48. Ke5 Bg6 49. d6+ Kd7 50. Nd5 Kd8 51. Kd4 Kd7 52. Kc5 Bf5 53.
Nf6+ Ke6 54. d7 Ke7 55. Kd4 Kd8 56. Nxe4 Kxd7 57. Nf6+ Kc7 58. h7 Bxh7 59. Nxh7
Kb6 60. Kc4 Kc7 61. Kc5 b6+ 62. Kd5 Kd7 63. Ke5 Kc7 64. Nf6 Kc8 65. Kd6 Kb7 66.
Nd5 Kb8 67. Kc6 Ka8 68. Kxb6 Kb8 69. Nc7 1-0

[Event "3. Arber-Open 2014"]
[Site "Bayerisch Eisenstein"]
[Date "2014.08.19"]
[Round "4.21"]
[White "Stutz, Robert"]
[Black "Ranker, Klemens"]
[Result "1/2-1/2"]
[WhiteElo "1830"]
[BlackElo "1925"]
[PlyCount "60"]
[EventDate "2014.??.??"]
[WhiteTeam "TSV Grossmehring"]
[BlackTeam "SC Hauptstuhl"]

1. e4 c5 2. c4 Nc6 3. Nc3 g6 4. g3 Bg7 5. Bg2 d6 6. Nge2 e6 7. d3 Nge7 8. Be3
a6 9. Qd2 Nd4 10. O-O h5 11. h4 Nec6 12. f4 f5 13. Rae1 Bd7 14. Kh2 Qe7 15. Ng1
Bf6 16. Bf2 O-O-O 17. Nh3 Qg7 18. Ng5 Bxg5 19. fxg5 Ne5 20. Bg1 Bc6 21. Kh1 Ng4
22. a3 Nb3 23. Qd1 Nd4 24. Na4 b5 25. cxb5 axb5 26. Nc3 Qe5 27. Bh2 Qg7 28. Bg1
Qe5 29. Bh2 Qg7 30. Bg1 Qe5 1/2-1/2

[Event "3. Arber-Open 2014"]
[Site "Bayerisch Eisenstein"]
[Date "2014.08.19"]
[Round "4.22"]
[White "Schumacher, Ralph"]
[Black "Blank, Stefan"]
[Result "1-0"]
[WhiteElo "1606"]
[BlackElo "1838"]
[PlyCount "103"]
[EventDate "2014.??.??"]
[WhiteTeam "SFB Steinsfurt"]
[BlackTeam "SC Sulzbach"]

1. g3 g6 2. Bg2 Bg7 3. d3 Nf6 4. Nd2 O-O 5. e3 c6 6. Ne2 e5 7. O-O d5 8. h3 h6
9. b3 Nh7 10. Bb2 f5 11. Kh2 g5 12. Ba3 Rf7 13. e4 h5 14. Bc1 f4 15. Ng1 g4 16.
Bb2 f3 17. Bxf3 gxf3 18. Ndxf3 d4 19. Nh4 Qe8 20. Qd2 Bf6 21. Ng2 Bg5 22. f4
Bh6 23. Qe2 Rg7 24. Rf3 c5 25. Raf1 Nd7 26. Bc1 Ndf8 27. Bd2 Bd7 28. Qf2 b5 29.
a3 Rc8 30. c3 exf4 31. gxf4 Bc6 32. cxd4 c4 33. d5 Ba8 34. Bc3 Rgc7 35. Rg3+
Bg7 36. f5 Kh8 37. f6 Nxf6 38. Bxf6 cxb3 39. Qf4 Kh7 40. Qg5 Ng6 41. Qxh5+ Bh6
42. Bg5 Rg7 43. Bxh6 Rc2 44. Be3+ Kg8 45. Bd4 b2 46. Qh6 Rcc7 47. Bxb2 Ne5 48.
Nf4 Rxg3 49. Kxg3 Rg7+ 50. Kh2 Rh7 51. Qg5+ Ng6 52. Nxg6 1-0

[Event "3. Arber-Open 2014"]
[Site "Bayerisch Eisenstein"]
[Date "2014.08.19"]
[Round "4.23"]
[White "Schröder, Stefan"]
[Black "Staudinger, Simon"]
[Result "1-0"]
[WhiteElo "1845"]
[BlackElo "1616"]
[PlyCount "47"]
[EventDate "2014.??.??"]
[WhiteTeam "Airbus Helicopters SG"]
[BlackTeam "SC Sonnen 1986"]

1. d4 d5 2. Nf3 Nf6 3. e3 Bg4 4. c3 Nbd7 5. Nbd2 e6 6. Qa4 c6 7. Ne5 Nxe5 8.
dxe5 Nd7 9. Qxg4 Nxe5 10. Qg3 Ng6 11. Bd3 Bd6 12. Qh3 Qf6 13. Bxg6 Qxg6 14. O-O
O-O-O 15. Nf3 f5 16. b4 h6 17. a4 Qf6 18. Bd2 g5 19. Qh5 g4 20. Nd4 Rdg8 21. f4
Kd7 22. Rac1 Qd8 23. Qf7+ Be7 24. Qxe6+ 1-0

[Event "3. Arber-Open 2014"]
[Site "Bayerisch Eisenstein"]
[Date "2014.08.19"]
[Round "4.24"]
[White "Reinhardt, Michael"]
[Black "Kronschnabl, Matthias"]
[Result "1/2-1/2"]
[WhiteElo "1847"]
[BlackElo "1300"]
[PlyCount "86"]
[EventDate "2014.??.??"]
[WhiteTeam "TuS Hartha"]
[BlackTeam "SC Bayerwald"]

1. f4 d5 2. Nf3 Nf6 3. e3 c5 4. b3 Nc6 5. Bb5 Bd7 6. Bb2 e6 7. O-O a6 8. Bxc6
Bxc6 9. Ne5 Bd6 10. d3 Qe7 11. Nd2 Bxe5 12. Bxe5 O-O-O 13. b4 Rdg8 14. bxc5
Qxc5 15. Bd4 Qe7 16. Qb1 Nd7 17. Qb2 f6 18. Nf3 h6 19. Rf2 g5 20. fxg5 hxg5 21.
Nxg5 e5 22. Nf3 exd4 23. exd4 Qd6 24. Re1 Nf8 25. c4 Ne6 26. c5 Qd7 27. Qd2 Ng5
28. Nxg5 fxg5 29. Ref1 Qc7 30. g3 Be8 31. Qe3 Bg6 32. Rf6 Re8 33. Re6 Bf7 34.
Rxe8+ Rxe8 35. Qxg5 Qe7 36. Qf5+ Be6 37. Qe5 Bh3 38. Re1 Qxe5 39. Rxe5 Rf8 40.
Re1 Kd7 41. Rb1 Ke8 42. Re1+ Kd8 43. Rb1 Ke8 1/2-1/2

[Event "3. Arber-Open 2014"]
[Site "Bayerisch Eisenstein"]
[Date "2014.08.19"]
[Round "4.25"]
[White "Rösch, David"]
[Black "Flemming, Klaus"]
[Result "0-1"]
[WhiteElo "1337"]
[BlackElo "1766"]
[PlyCount "124"]
[EventDate "2014.??.??"]
[WhiteTeam "SC Bayerwald"]
[BlackTeam "vereinslos"]

1. e4 e6 2. Nf3 d5 3. exd5 exd5 4. d4 Bd6 5. Nc3 c6 6. Be2 Ne7 7. Be3 Bf5 8.
Bd3 O-O 9. Qd2 Nd7 10. O-O-O b5 11. Bf4 Nb6 12. Bxd6 Qxd6 13. Bxf5 Nxf5 14. Ne5
f6 15. Nf3 Rfe8 16. Qd3 Qf4+ 17. Kb1 Nd6 18. Ne2 Qg4 19. h3 Qxg2 20. Rh2 Qg6
21. Qxg6 hxg6 22. Nf4 Kf7 23. Rg2 g5 24. Nd3 Rh8 25. Nxg5+ fxg5 26. Rxg5 Nd7
27. Rdg1 Rh7 28. Rg6 Nf5 29. Rxc6 Nxd4 30. Rc7 Ke8 31. Re1+ Kd8 32. Rc3 Rxh3
33. Nf4 Rxc3 34. bxc3 Nf5 35. Nxd5 Rc8 36. Kb2 Rc5 37. Nf4 Re5 38. Ne6+ Ke7 39.
Rxe5 Nxe5 40. Nc7 Nd6 41. Kb3 Kd7 42. Nd5 Kc6 43. Nf4 g5 44. Ne2 Nf3 45. Ng3
Kd5 46. Kb4 Nd2 47. Ne2 Nf3 48. Ng3 Kc6 49. a3 g4 50. Nf1 Ne4 51. Ne3 Nxf2 52.
c4 bxc4 53. Kxc4 g3 54. Ng2 Ng4 55. Kd3 Ng5 56. Ke2 Kc5 57. Kd3 Nf6 58. Ke3
Nd5+ 59. Kd3 Ne6 60. Ke4 Nef4 61. Ne1 g2 62. Nf3 Nh3 0-1